African journal of school business (Record no. 38052)

MARC details
000 -LEADER
fixed length control field 00510nam a2200169Ia 4500
022 ## - INTERNATIONAL STANDARD SERIAL NUMBER
ISSN 25366438
050 ## - CALL MARK
Classification number HF 3871 .B87/
245 #0 - TITLE STATEMENT
Title African journal of school business
260 ## - PUBLICATION, DISTRIBUTION, ETC. (IMPRINT)
Place of publication Edo, state
260 ## - PUBLICATION, DISTRIBUTION, ETC. (IMPRINT)
Name of publisher Atlasjet
260 ## - PUBLICATION, DISTRIBUTION, ETC. (IMPRINT)
Year of publication 2016
300 ## - PHYSICAL DESCRIPTION
Number of Pages v, 154 p. :ll. ; 25 cm.
650 ## - SUBJECT ADDED ENTRY--TOPICAL TERM
Topical Term Business enterprises--Africa--Periodicals. Africa--Commerce--Periodicals. Africa--Economic conditions--Periodicals.
942 ## - ADDED ENTRY ELEMENTS (KOHA)
Koha item type Serials

No items available.